000 00925nas a2200277 4500
001 BR2016003175
003 BR-BrBNA
005 20231205130459.0
007 ta
008 230509b bl.|||p| |||| 00| 00por d
040 _aBR-BrBNA
_bpor
_cBiblioteca Nacional de Agricultura
041 _a(Pt)
072 _aP34
100 1 _aOliveira, J.J.F.
100 1 _aAlixandre, T.F.
245 1 _aParâmetros biométricos de mudas de sabiá micorrizadas sob níveis de fósforo em latossolo amarelo
650 _aSABIÁ
650 _aÁRVORE ANGIOSPERMA
650 _aMICORRIZA VESICULAR ARBUSCULAR
650 _aINOCULAÇÃO
650 _aFÓSFORO
773 0 _tPesquisa Florestal Brasileira (Brazil)
_xISSN 1983-2605
_g(Apr-Jun 2013), v. 33(74) p. 159-167
_wBR2016003175
856 4 0 _uhttp://pfb.cnpf.embrapa.br/pfb/index.php/pfb/article/view/467
909 _a202311
_bLúcia
_c55
_dLúcia Elande
942 _2AGRIS
_n0
_cANA
999 _c249682
_d249682